00000000cam 2200000zi 4500
0019.963909
003CaOODSP
00520260630072125
006m     o  d f      
007cr cn|||||||||
008260630t20262026onca   jo    f000 0 fre d
020 |z9780660360911
040 |aCaOODSP|bfre|erda|cCaOODSP
043 |an-cn---
0861 |aA104-202/2-2026F-PDF|zA104-202/2-2020F-PDF
24500|aLivre d'activités du héros de la santé des végétaux : |bâge : 9 à 12.
250 |a[Édition révisée 2026].
264 1|a[Ottawa] : |bAgence canadienne d'inspection des aliments = Canadian Food Inspection Agency, |c[2026]
264 4|c©2026
300 |a1 ressource en ligne (15 pages) : |billustrations en couleur
336 |atexte|btxt|2rdacontent/fre
337 |ainformatique|bc|2rdamedia/fre
338 |aressource en ligne|bcr|2rdacarrier/fre
500 |aTitre de la couverture.
500 |a« Révisé 2026. »
500 |aLe numéro de catalogue (A104-202/2-2020F-PDF) et ISBN (9780660360911) imprimés dans cette publication sont incorrects.
500 |aPublié aussi en anglais sous le titre : Plant health hero activity book : ages 9-12.
520 |a« Le but de ce cahier d'activités est d'enseigner aux jeunes apprenants les bases de la santé des végétaux au Canada et comment ils peuvent participer à la protection de nos incroyables ressources végétales naturelles » -- Page 1.
650 6|aPlantes|xSanté|zCanada|vOuvrages pour la jeunesse.
655 7|aCahiers d'activités|2rvmgf
7102 |aAgence canadienne d'inspection des aliments, |eorganisme de publication.
77508|tPlant health hero activity book : |w(CaOODSP)9.963908
795 |tLivre d'activités du héros de la santé des végétaux : |b[Édition 2020]|w(CaOODSP)9.891809
85640|qPDF|s10.2 Mo|uhttps://publications.gc.ca/collections/collection_2026/acia-cfia/A104-202-2-2026-fra.pdf